The producers : (Record no. 232)

MARC details
000 -LEADER
campo de control de longitud fija 01530mam a2200409 a 4500
001 - NÚMERO DE CONTROL
campo de control 3273639
003 - IDENTIFICADOR DE NÚMERO DE CONTROL
campo de control GHJYUTEER
005 - FECHA Y HORA DE LA ÚLTIMA TRANSACCIÓN
campo de control 20220326193256.0
008 - DATOS DE LONGITUD FIJA--INFORMACIÓN GENERAL
campo de control de longitud fija 020114m20009999enk 000 0 eng d
020 ## - NÚMERO INTERNACIONAL ESTÁNDAR DEL LIBRO
Número Internacional Estándar del Libro 0701700998 (Newcastle : v.1)
020 ## - NÚMERO INTERNACIONAL ESTÁNDAR DEL LIBRO
Número Internacional Estándar del Libro 1903655013 (BALTIC : v.1)
020 ## - NÚMERO INTERNACIONAL ESTÁNDAR DEL LIBRO
Número Internacional Estándar del Libro 0701701188 (Newcastsle : v.2)
020 ## - NÚMERO INTERNACIONAL ESTÁNDAR DEL LIBRO
Número Internacional Estándar del Libro 190365503X (BALTIC : v.2)
020 ## - NÚMERO INTERNACIONAL ESTÁNDAR DEL LIBRO
Número Internacional Estándar del Libro 1903655072 (Baltic : v.4)
020 ## - NÚMERO INTERNACIONAL ESTÁNDAR DEL LIBRO
Número Internacional Estándar del Libro 0701701323 (Newcastle : v.4)
035 ## - NÚMERO DE CONTROL DEL SISTEMA
Número de control de sistema (OCoLC)230033488
035 ## - NÚMERO DE CONTROL DEL SISTEMA
Número de control de sistema (OCoLC)ocn230033488
035 ## - NÚMERO DE CONTROL DEL SISTEMA
Número de control de sistema (NNC)3273639
040 ## - FUENTE DE CATALOGACIÓN
Centro catalogador/agencia de origen *EQO*
Centro/agencia transcriptor *EQO*
Centro/agencia modificador CU-S
-- CStRLIN
-- NNC
082 ## - NÚMERO DE LA CLASIFICACIÓN DECIMAL DEWEY
Número de clasificación 707
Número de ítem H652p I
245 04 - MENCIÓN DEL TÍTULO
Título The producers :
Resto del título contemporary curators in conversation /
Mención de responsabilidad, etc. edited by Susan Hiller and Sarah Martin.
246 30 - FORMA VARIANTE DEL TITULO
Título propio/Titulo breve Contemporary curators in conversation
260 ## - PUBLICACIÓN, DISTRIBUCIÓN, ETC.
Lugar de publicación, distribución, etc. Gateshead :
Nombre del editor, distribuidor, etc. BALTIC,
Fecha de publicación, distribución, etc. 2000-.
300 ## - DESCRIPCIÓN FÍSICA
Extensión 97 p
Dimensiones 20 cm.
490 1# - MENCIÓN DE SERIE
Mención de serie B.READ ;
Designación de volumen o secuencia 2, 4-5, 7-8
500 ## - NOTA GENERAL
Nota general "A series of public events sponsored jointly by the Department of Fine Art, University of Newcastle and the BALTIC Centre for Contemporary Art."
650 #0 - PUNTO DE ACCESO ADICIONAL DE MATERIA--TÉRMINO DE MATERIA
Término de materia o nombre geográfico como elemento de entrada Art museum curators
Subdivisión de forma Interviews.
9 (RLIN) 1076
650 #0 - PUNTO DE ACCESO ADICIONAL DE MATERIA--TÉRMINO DE MATERIA
Subdivisión general arte-curadores de museos
9 (RLIN) 1084
650 #0 - PUNTO DE ACCESO ADICIONAL DE MATERIA--TÉRMINO DE MATERIA
Término de materia o nombre geográfico como elemento de entrada Art museums
Subdivisión general Exhibitions.
9 (RLIN) 1078
650 #0 - PUNTO DE ACCESO ADICIONAL DE MATERIA--TÉRMINO DE MATERIA
Término de materia o nombre geográfico como elemento de entrada Art
Subdivisión general Exhibition techniques.
9 (RLIN) 1036
700 1# - ENTRADA AGREGADA--NOMBRE PERSONAL
Nombre de persona Hiller, Susan.
9 (RLIN) 1079
700 1# - ENTRADA AGREGADA--NOMBRE PERSONAL
Nombre de persona Martin, Sarah.
9 (RLIN) 1080
710 2# - ENTRADA AGREGADA--NOMBRE DE ENTIDAD CORPORATIVA
Nombre de entidad corporativa o nombre de jurisdicción como elemento de entrada University of Newcastle upon Tyne.
Unidad subordinada Department of Fine Art.
9 (RLIN) 1081
710 2# - ENTRADA AGREGADA--NOMBRE DE ENTIDAD CORPORATIVA
Nombre de entidad corporativa o nombre de jurisdicción como elemento de entrada Baltic Centre for Contemporary Art.
9 (RLIN) 1082
830 #0 - PUNTO DE ACCESO ADICIONAL DE SERIE-TÍTULO UNIFORME
Título uniforme B.READ ;
Designación de volumen o secuencia 2, etc.
9 (RLIN) 1085
Holdings
Estatus retirado Estado de pérdida Fuente del sistema de clasificación o colocación Estado de daño No para préstamo Biblioteca de origen Biblioteca actual Ubicación en estantería Fecha de adquisición Total de préstamos Signatura topográfica completa Código de barras Visto por última vez Precio de reemplazo Tipo de ítem Koha
    Clasificación Decimal Dewey     Biblioteca LadoV Biblioteca LadoV   16/06/2014   707 H652p I 000248 16/06/2014 16/06/2014 Material 01